000 04348cam a22012974i 4500
003 PE-LiUPU
005 20250813185529.0
008 150625s2003 sp a rb 000 0 spa d
020 _a8420534544
020 _a9788420534541
035 _a(Sirsi) i9788420534541
040 _aPE-LiUPU
_bspa
_cPE-LiUPU
_erda
049 _aPRUA
082 0 4 _a373.3463
_bCh18
_221
082 0 4 _a373.34
_bCh18
245 1 0 _aDidáctica de las matemáticas para primaria /
_cMaría del Carmen Chamorro, coordinador.
264 1 _aMadrid :
_bPearson Educación,
_c2003.
300 _a354 páginas :
_bilustraciones ;
_c24 centímetros
336 _atext
_2rdacontent
337 _aunmediated
_2rdamedia
338 _avolume
_2rdacarrier
490 0 _aColección didáctica primaria
504 _aBibliografía : páginas 353-354.
505 0 _aFundamentación -- Matemáticas escolares y competencia matemáticas -- Aprendizaje y matemáticas -- Herramientas de análisis en didáctica de las materias -- La construcción del número natural y la numeración -- El cálculo en la enseñanza primaria la adición y la sustracción -- Las relaciones multiplicativas: el cálculo multiplicado y de división -- Cálculo mental y con calculadora -- El tratamiento y la resolución de problemas -- Didáctica de la geometría en la educación primaria -- El desarrollo del pensamiento aleatorio en educación primaria.
526 _aP202
526 _aP201
526 _aP163
526 _aP162
526 _aP161
526 _aP160
526 _aP148
526 _aP147
526 _aP146
526 _aP145
526 _aP144
526 _aP143
526 _aP142
526 _aP141
526 _aP140
526 _aP139
526 _aP138
526 _aP137
526 _aP136
526 _aP135
526 _aP134
526 _aP133
526 _aP129
526 _aP128
526 _aP127
526 _aP120
526 _aP119
526 _aP118
526 _aP116
526 _aP115
526 _aP114
526 _aP110
526 _aP109
526 _aP108
526 _aP104
526 _aP103
526 _aP102
526 _aP99
526 _aP98
526 _aP97
526 _aP96
526 _aP95
526 _aP93
526 _aP90
526 _aP89
526 _aP88
526 _aP83
526 _aP82
526 _aP62
526 _aP59
526 _aP58
526 _aP57
526 _aP51
526 _aP49
526 _aP48
526 _aP47
526 _aP29
526 _aP24
526 _aP20
526 _aP19
526 _aP17
526 _aP15
526 _aP14
526 _aP12
526 _aP10
526 _aP09
526 _aP08
526 _aP07
526 _aP06
526 _aP05
526 _aP04
526 _aP01
541 _g001-000324;
541 _g001-000235;
650 0 4 _aMatemáticas
_xEducación Primaria.
700 1 _aChamorro, María del Carmen,
_ecoordinador.
942 _2ddc
_cBOOK
949 _a373.34 Ch18 2003
_wDEWEY
_c1
_iFJ05172
_lCCODEBUJ1
_mBUJ
_p23.51
_r0
_sY
_tBOOK
_u2015-10-06
_xEDUCACION
_PP20
_0COMPRA
_o.STAFF. Colección General Juliaca
949 _a373.3463 CH18
_wDEWEY
_c1
_i58365
_lCCODEBUL1
_mBUL
_p27.00
_r0
_sY
_tBOOK
_u2015-6-25
_xEDUCACION
_PP20
_0COMPRA
_o.STAFF. Colección General
949 _a373.3463 CH18
_wDEWEY
_c2
_i57735
_d2016-5-16
_e2016-5-9
_lCCODEBUL1
_mBUL
_n1
_p28.00
_r0
_sY
_tBOOK
_u2015-6-25
_xEDUCACION
_PP20
_0COMPRA
_o.STAFF. Colección General
994 _aC0
_bPEPRU
596 _a1 3
999 _a373.3463 CH18
_wDEWEY
_c46741
_i58365
_d46741
_e2019-3-5
_f2021-11-8
_g5
_lCCODEBUL1
_mBUL
_n1
_p27.00
_r0
_sY
_tBOOK
_u2015-6-25
_xEDUCACION
_PP20
_0COMPRA
_o.STAFF. Colección General
999 _a373.3463 CH18
_wDEWEY
_c2
_i57735
_d2016-5-16
_e2016-5-9
_f2021-11-8
_g5
_lCCODEBUL1
_mBUL
_n1
_p28.00
_r0
_sY
_tBOOK
_u2015-6-25
_xEDUCACION
_PP20
_0COMPRA
_o.STAFF. Colección General
999 _a373.34 CH18 2003
_wDEWEY
_c1
_iFJ05172
_d2019-6-24
_f2022-1-18
_g4
_lCCODEBUJ1
_mBUJ
_p23.51
_q2
_r0
_sY
_tBOOK
_u2015-10-6
_xEDUCACION
_PP20
_0COMPRA
_o.STAFF. Colección General Juliaca
980 _81
_gALBERTO SANCHEZ Responsable de Automatización